| 000 | 00436nam a2200157Ia 4500 | ||
|---|---|---|---|
| 008 | 240729s9999 xx 000 0 und d | ||
| 022 | _a2503-3530 | ||
| 245 | 0 | _aProfesi Pendidikan Dasar | |
| 260 | _aIndonesia | ||
| 260 | _bMuhammadiyah University Press | ||
| 650 | _a Theory and practice of education | ||
| 650 | _aEducation | ||
| 856 | _uhttps://doaj.org/toc/6d405915b3e84ba79c24a5e4c0e74227 | ||
| 942 | _2ddc | ||
| 942 | _cDOAJEJ | ||
| 999 |
_c70692 _d70692 |
||
| 945 |
_a1 _bMadushi Gamage _c1 _dMadushi Gamage |
||